000 00648nam a2200277Ia 4500
008 210210b1921 xxu||||| |||| 00| 0 eng d
041 _aeng
082 _a546 FRIT
100 _aFRIEND (J Newton) Ed
245 _aText book of inorganic chemistry Ed 2 Vol V
_bCarbon and its allies
250 _a
260 _aLondon
_bCharles Griffin & Co Ltd.
_c1921
300 _axxx, 468
440 _aV
650 _aText
650 _aof
650 _aits
650 _ainorganic
650 _achemistry
650 _aCarbon
650 _abook
650 _aand
650 _aallies
690 _aInorganic Chemistry
906 _a009477
999 _c140647
_d140647